| 000 | 00000nam##2200000za#4500 |
| 001 | 9.644149 |
| 003 | CaOODSP |
| 005 | 20210624224517 |
| 007 | cr ||||||||||| |
| 008 | 150407|2015||||xxc|||||o f|0| 0 fre|d |
| 020 | |a978-0-660-23183-9 |
| 040 | |aCaOODSP|bfre |
| 043 | |an-cn--- |
| 086 | 1 |aIu188-113/2-2015F-PDF |
| 110 | 1 |aCanada.|bIndustrie Canada. |bDirection générale de la petite entreprise. |
| 245 | 10|aProfil des PME - les exportateurs canadiens / |h[ressource électronique]|c[par] Daniel Seens. |
| 260 | |aOttawa - Ontario : |bIndustrie Canada. |cJanvier 2015. |
| 300 | |a23p.|bgraphiques, tableaux |
| 590 | |a15-06|b2015-02-06 |
| 691 | 07|aExportation|2gcpds |
| 691 | 07|aPetite entreprise|2gcpds |
| 775 | 08|tSME profile - Canadian exporters / |w(CaOODSP)9.700253 |
| 856 | 40|ahttp://publications.gc.ca|qPDF|s977 Ko|uhttps://publications.gc.ca/collections/collection_2015/ic/Iu188-113-2-2015-fra.pdf |